000 00395nam a22001217a 4500
999 _c10100
_d10100
003 OSt
008 201218b ||||| |||| 00| 0 eng d
245 _aIndian Journal of Science and Technology
250 _a2015(Mar Vol.8 No.5, Mar Vol.8 No.6, Apr Vol.8 No.7)
260 _aChennai, Tamil Nadu
_bIndian Society for Education and Environment
650 _aInformation Technology
942 _2ddc
_cBV